[Event "Otvoreno Prvenstvo Sente 2015"]
[Site "Senta"]
[Date "2015.02.07"]
[Round "5.12"]
[White "Olajos, Gyozo"]
[Black "Miljkovic, Vukasin"]
[Result "0-1"]
[WhiteElo "1647"]
[BlackElo "1715"]
[PlyCount "84"]
[EventDate "2015.01.30"]

1. d4 e6 2. c4 Nf6 3. Nc3 Bb4 4. Bd2 Nc6 5. Nf3 Bxc3 6. Bxc3 Ne4 7. Qc2 Nxc3 8.
Qxc3 Qf6 9. e3 d6 10. Bd3 h6 11. O-O Ne7 12. Nd2 d5 13. c5 Ng6 14. f4 Nh4 15.
Nf3 Bd7 16. Ne5 c6 17. a4 Nf5 18. Rae1 h5 19. b4 Nh6 20. b5 Ng4 21. h3 Nxe5 22.
fxe5 Qg5 23. Qc2 Rg8 24. Rf3 f5 25. Qf2 g6 26. Rg3 Qh6 27. Rb1 h4 28. Rf3 g5
29. Kh2 g4 30. Kh1 gxf3 31. Qxf3 Rg3 32. Qf1 Qxe3 33. bxc6 bxc6 34. Rd1 Ke7 35.
Be2 Rag8 36. Rd3 Qg5 37. Bf3 Rb8 38. Qd1 Rb4 39. Qc2 Bc8 40. Qd1 Rc4 41. Qb3
Rc1+ 42. Kh2 Qf4 0-1

[Event "Otvoreno Prvenstvo Sente 2015"]
[Site "Senta"]
[Date "2015.02.07"]
[Round "5.13"]
[White "Radisic, Dragoljub"]
[Black "Burany, Karoly"]
[Result "0-1"]
[WhiteElo "1395"]
[BlackElo "1451"]
[PlyCount "50"]
[EventDate "2015.01.30"]

1. e4 e6 2. d4 d5 3. e5 c5 4. c3 c4 5. f4 b5 6. Nf3 h6 7. a4 b4 8. b3 a5 9.
bxc4 bxc3 10. Nxc3 Bb4 11. Bd2 Bb7 12. c5 Nc6 13. Bb5 Nge7 14. O-O O-O 15. Bd3
f6 16. Nh4 Nxd4 17. Qb1 Ba6 18. Bh7+ Kh8 19. Rf2 fxe5 20. Ng6+ Nxg6 21. Qxg6
Qf6 22. Qxf6 Rxf6 23. Bb1 Bxc5 24. Be3 Nb3 25. Bxc5 Nxa1 0-1

[Event "Otvoreno Prvenstvo Sente 2015"]
[Site "Senta"]
[Date "2015.02.14"]
[Round "6.1"]
[White "Nagy, Attila N"]
[Black "Farkas, Tibor"]
[Result "1/2-1/2"]
[WhiteElo "2202"]
[BlackElo "2244"]
[PlyCount "33"]
[EventDate "2015.01.30"]

1. d4 Nf6 2. c4 g6 3. Nc3 d5 4. cxd5 Nxd5 5. e4 Nxc3 6. bxc3 Bg7 7. Be3 c5 8.
Qd2 O-O 9. Nf3 Qa5 10. Rc1 e6 11. Be2 cxd4 12. cxd4 Qxd2+ 13. Bxd2 Bd7 14. Ne5
Bc6 15. f3 Rd8 16. Be3 Be8 17. O-O 1/2-1/2

[Event "Otvoreno Prvenstvo Sente 2015"]
[Site "Senta"]
[Date "2015.02.14"]
[Round "6.2"]
[White "Simonyi, Zoltan"]
[Black "Korponai, Akos"]
[Result "1-0"]
[WhiteElo "2243"]
[BlackElo "1952"]
[PlyCount "77"]
[EventDate "2015.01.30"]

1. c4 c6 2. Nf3 d5 3. b3 Nf6 4. Bb2 e6 5. g3 Be7 6. Bg2 O-O 7. O-O Nbd7 8. d3
Qc7 9. Nbd2 e5 10. cxd5 Nxd5 11. Nc4 f6 12. Rc1 N7b6 13. Nfd2 Be6 14. Qc2 a5
15. d4 Nb4 16. Qb1 exd4 17. Bxd4 c5 18. Bb2 a4 19. Be4 h6 20. Ne3 axb3 21. axb3
f5 22. Nxf5 Bf6 23. Bxf6 Rxf6 24. Ne3 Bh3 25. Bg2 Bxg2 26. Nxg2 Na2 27. Ne4 Rc6
28. Rcd1 c4 29. bxc4 Nxc4 30. Rd4 Kh8 31. Nf4 Ne5 32. Rfd1 Rb6 33. Qa1 Rba6 34.
Qb2 Nc4 35. Qc2 Rc8 36. Rd7 Qb6 37. Nf6 Qxf6 38. Nd5 Qe6 39. Nc7 1-0

[Event "Otvoreno Prvenstvo Sente 2015"]
[Site "Senta"]
[Date "2015.02.14"]
[Round "6.3"]
[White "Kecskemeti, Arpad"]
[Black "Sarnyai, Daniel"]
[Result "1-0"]
[WhiteElo "2036"]
[BlackElo "1998"]
[PlyCount "47"]
[EventDate "2015.01.30"]

1. e4 c5 2. Nf3 e6 3. d4 cxd4 4. Nxd4 a6 5. Nc3 Qc7 6. Bd3 Nf6 7. O-O Be7 8. a4
d6 9. Be3 Nbd7 10. f4 b6 11. g4 Nc5 12. g5 Nxd3 13. cxd3 Nd7 14. Rc1 Qd8 15.
Nc6 Qc7 16. Nxe7 Bb7 17. Ne2 Qb8 18. Nc6 Bxc6 19. Rxc6 Nc5 20. b4 Kd7 21. Nd4
Rf8 22. a5 Nb7 23. Rxb6 Rc8 24. Qa4+ 1-0

[Event "Otvoreno Prvenstvo Sente 2015"]
[Site "Senta"]
[Date "2015.02.14"]
[Round "6.4"]
[White "Vranic, Ljubomir"]
[Black "Davidovic, Zoran"]
[Result "1-0"]
[WhiteElo "2199"]
[BlackElo "1891"]
[PlyCount "78"]
[EventDate "2015.01.30"]

1. d4 Nf6 2. c4 g6 3. Nc3 d5 4. Nf3 Bg7 5. Qb3 c6 6. cxd5 Nxd5 7. e4 Nb6 8. Be3
O-O 9. Rd1 Qc7 10. Be2 N8d7 11. a4 Nf6 12. h3 e6 13. O-O Bd7 14. Rc1 Qb8 15.
Ne5 Nh5 16. a5 Bxe5 17. dxe5 Nc8 18. Bxh5 gxh5 19. Qd1 Be8 20. Qxh5 f5 21. Qg5+
Kh8 22. exf5 Rxf5 23. Qd8 Nb6 24. Qxb8 Rxb8 25. axb6 a6 26. Bc5 Rd8 27. Rcd1
Rxd1 28. Rxd1 Kg8 29. Rd8 Kf7 30. Ne4 Rxe5 31. Nd6+ Kg6 32. Rxe8 Rxc5 33. Rxe6+
Kg7 34. Re7+ Kf6 35. Rxb7 Ke6 36. Ne4 Rb5 37. b4 Rxb4 38. Nc5+ Kd6 39. Nxa6 c5
1-0

[Event "Otvoreno Prvenstvo Sente 2015"]
[Site "Senta"]
[Date "2015.02.14"]
[Round "6.5"]
[White "Sakic, Simeon"]
[Black "Soklovacki, Mila"]
[Result "0-1"]
[WhiteElo "1859"]
[BlackElo "1834"]
[PlyCount "66"]
[EventDate "2015.01.30"]

1. f4 f5 2. Nf3 Nf6 3. b3 b6 4. Bb2 Bb7 5. e3 e6 6. c4 Nc6 7. Be2 Be7 8. O-O
O-O 9. Nc3 d5 10. Ng5 Qd7 11. Bf3 Na5 12. Qe2 Ne4 13. Bxe4 dxe4 14. Nb5 Bxg5
15. fxg5 c5 16. Rf4 a6 17. Na3 Qd3 18. Re1 Qxe2 19. Rxe2 Nc6 20. Ref2 Nb4 21.
d4 Nd3 22. Bc3 Nxf4 23. Rxf4 Rfd8 24. Nc2 cxd4 25. Bxd4 b5 26. c5 Rac8 27. Rf1
e5 28. Bb2 Rxc5 29. Ne1 g6 30. h4 Rd2 31. Rf2 Rcd5 32. Ba3 Rxf2 33. Kxf2 Rd2+
0-1

[Event "Otvoreno Prvenstvo Sente 2015"]
[Site "Senta"]
[Date "2015.02.14"]
[Round "6.6"]
[White "Igaz, Ervin"]
[Black "Farkas, Sandor I"]
[Result "1-0"]
[WhiteElo "2013"]
[BlackElo "1874"]
[PlyCount "55"]
[EventDate "2015.01.30"]

1. e4 c5 2. Nf3 d6 3. d4 cxd4 4. c3 d3 5. c4 Nf6 6. Bxd3 e6 7. O-O Be7 8. Nc3
a6 9. Qe2 Qc7 10. Bf4 Nbd7 11. Rac1 b6 12. Rfd1 Nh5 13. Be3 Nhf6 14. h3 Bb7 15.
Bb1 Rc8 16. Bf4 e5 17. Nd5 Bxd5 18. cxd5 Qb7 19. Bg5 O-O 20. Nh4 Nxd5 21. Rxc8
Rxc8 22. Bxe7 Nxe7 23. Rxd6 Rc1+ 24. Rd1 Rxd1+ 25. Qxd1 Nc6 26. Nf5 Nf8 27. Qd5
g6 28. Qxc6 1-0

[Event "Otvoreno Prvenstvo Sente 2015"]
[Site "Senta"]
[Date "2015.02.14"]
[Round "6.7"]
[White "Toth, Kazmer"]
[Black "Lorincz, Laszlo"]
[Result "1/2-1/2"]
[WhiteElo "1974"]
[BlackElo "1808"]
[PlyCount "82"]
[EventDate "2015.01.30"]

1. d4 d5 2. c4 c6 3. Nc3 Nf6 4. Nf3 e6 5. Bg5 Be7 6. e3 h6 7. Bh4 O-O 8. Bd3
Nbd7 9. O-O Nh5 10. Bxe7 Qxe7 11. cxd5 exd5 12. Bc2 Nhf6 13. Qd3 Re8 14. Rfe1
Ne4 15. Nd2 Ndf6 16. f3 Ng5 17. e4 dxe4 18. Ndxe4 Ngxe4 19. Nxe4 Be6 20. Nc5
Rad8 21. Nxe6 fxe6 22. Bb3 Qd6 23. Rad1 c5 24. d5 exd5 25. Rxe8+ Rxe8 26. Bxd5+
Qxd5 27. Qxd5+ Nxd5 28. Rxd5 Re2 29. Rxc5 Rxb2 30. a4 a6 31. h3 b5 32. axb5
axb5 33. Rc7 b4 34. h4 h5 35. g4 hxg4 36. fxg4 Kh7 37. Rc6 b3 38. Rb6 Rb1+ 39.
Kg2 b2 40. g5 g6 41. Rb7+ Kg8 1/2-1/2

[Event "Otvoreno Prvenstvo Sente 2015"]
[Site "Senta"]
[Date "2015.02.14"]
[Round "6.8"]
[White "Burany, Karoly"]
[Black "Solymosi, Andras"]
[Result "0-1"]
[WhiteElo "1451"]
[BlackElo "1957"]
[PlyCount "84"]
[EventDate "2015.01.30"]

1. e4 c5 2. Bc4 e6 3. f4 a6 4. a3 d5 5. exd5 exd5 6. Ba2 Nf6 7. d3 Nc6 8. c3
Bd6 9. g3 Bg4 10. Nf3 Qe7+ 11. Kf2 O-O-O 12. Re1 Qd7 13. Nbd2 Qf5 14. Nf1 Qh5
15. h4 h6 16. N1h2 Bf5 17. b4 c4 18. dxc4 Ne4+ 19. Rxe4 dxe4 20. Qe2 exf3 21.
Qxf3 Qxf3+ 22. Nxf3 Rd7 23. Be3 Re8 24. c5 Bf8 25. Bb1 Bxb1 26. Rxb1 Rd3 27.
Bd2 g6 28. a4 Bg7 29. Rc1 f6 30. g4 g5 31. hxg5 fxg5 32. b5 Na5 33. bxa6 bxa6
34. f5 Nb3 35. Re1 Rxf3+ 36. Kxf3 Nxd2+ 37. Kf2 Rxe1 38. Kxe1 Bxc3 39. Ke2 Kd7
40. Kd3 Ba5 41. Kd4 Nf3+ 42. Kd3 Ne5+ 0-1

[Event "Otvoreno Prvenstvo Sente 2015"]
[Site "Senta"]
[Date "2015.02.14"]
[Round "6.9"]
[White "Miljkovic, Vukasin"]
[Black "Brindza, Dezso"]
[Result "1/2-1/2"]
[WhiteElo "1715"]
[BlackElo "1712"]
[PlyCount "87"]
[EventDate "2015.01.30"]

1. e4 d6 2. Nf3 Bg4 3. Nc3 Nf6 4. d4 g6 5. h3 Bxf3 6. Qxf3 c6 7. d5 Bg7 8. Bd2
Nbd7 9. Bd3 Nc5 10. O-O Nfd7 11. Rab1 Ne5 12. Qe2 Ncxd3 13. cxd3 Qb6 14. Be3
Qa6 15. d4 Qxe2 16. Nxe2 Nc4 17. b3 Nxe3 18. fxe3 cxd5 19. exd5 O-O 20. Rbc1
Rac8 21. Rxc8 Rxc8 22. Rc1 Rxc1+ 23. Nxc1 f5 24. Kf2 Kf7 25. g3 e6 26. dxe6+
Kxe6 27. Kf3 Bf6 28. h4 h6 29. Nd3 g5 30. hxg5 hxg5 31. g4 b6 32. gxf5+ Kxf5
33. e4+ Kg6 34. e5 dxe5 35. dxe5 Be7 36. Kg4 b5 37. b4 Bf8 38. a3 Bg7 39. e6
Kf6 40. Nc5 Bf8 41. Nd7+ Ke7 42. Nxf8 Kxf8 43. Kxg5 Ke7 44. Kf5 1/2-1/2

[Event "Otvoreno Prvenstvo Sente 2015"]
[Site "Senta"]
[Date "2015.02.14"]
[Round "6.10"]
[White "Ridjicki, Nenad"]
[Black "Nagy, Aleksz M"]
[Result "0-1"]
[WhiteElo "1810"]
[BlackElo "1681"]
[PlyCount "92"]
[EventDate "2015.01.30"]

1. e4 c5 2. Nf3 d6 3. d4 cxd4 4. Nxd4 Nf6 5. Bd3 Nc6 6. c3 a6 7. h3 Qc7 8. Be3
e6 9. O-O Be7 10. Nd2 b5 11. Rc1 Bb7 12. f4 Nd7 13. Qg4 g6 14. b4 d5 15. exd5
Nf6 16. Qg3 Nxd5 17. Nxc6 Nxe3 18. Qxe3 Bxc6 19. Be4 O-O 20. Bxc6 Qxc6 21. Ne4
Rac8 22. Rfe1 Rfd8 23. Re2 Bxb4 24. Nf6+ Kg7 25. Qe5 Qc5+ 26. Kh1 Qxe5 27. fxe5
Rxc3 28. Rf1 Rcd3 29. Ref2 Rd1 30. Ne8+ Kf8 31. Nc7 Rxf1+ 32. Rxf1 Ke7 33. Nxa6
Bc3 34. Nc7 b4 35. Nb5 Bxe5 36. Na7 Rd2 37. Nc6+ Kd6 38. Nxe5 Kxe5 39. Rxf7
Rxa2 40. Rxh7 b3 41. Rb7 b2 42. Kh2 Kd4 43. Kg3 Kc3 44. Rc7+ Kd2 45. Rd7+ Kc1
46. Rc7+ Kb1 0-1

[Event "Otvoreno Prvenstvo Sente 2015"]
[Site "Senta"]
[Date "2015.02.14"]
[Round "6.11"]
[White "Aleksic, Zvonimir"]
[Black "Vrabel, Mate"]
[Result "1-0"]
[WhiteElo "1874"]
[BlackElo "1487"]
[PlyCount "50"]
[EventDate "2015.01.30"]

1. d4 d5 2. Bg5 Bf5 3. e3 Nf6 4. Nd2 e6 5. Ngf3 h6 6. Bh4 Be7 7. h3 O-O 8. Bg3
c5 9. c3 a6 10. Be2 b5 11. Ne5 b4 12. O-O bxc3 13. bxc3 c4 14. Bf3 Ra7 15. Re1
Bd6 16. e4 Bh7 17. Bh4 g5 18. Bg3 Qc7 19. h4 Nfd7 20. exd5 f6 21. Nxd7 Nxd7 22.
Bxd6 Qxd6 23. dxe6 Nb6 24. hxg5 hxg5 25. Ne4 Bf5 1-0

[Event "Otvoreno Prvenstvo Sente 2015"]
[Site "Senta"]
[Date "2015.02.14"]
[Round "6.12"]
[White "Uveric, Nebojsa"]
[Black "Mrzic, Branko"]
[Result "0-1"]
[WhiteElo "1533"]
[BlackElo "1877"]
[PlyCount "160"]
[EventDate "2015.01.30"]

1. d4 Nf6 2. c4 e5 3. dxe5 Ng4 4. Nf3 Nc6 5. Bf4 Bb4+ 6. Nbd2 Qe7 7. a3 Bxd2+
8. Qxd2 Ngxe5 9. Nxe5 Nxe5 10. e3 O-O 11. Qd4 d6 12. Be2 Bd7 13. O-O-O Bc6 14.
f3 b6 15. e4 Ng6 16. Bd2 Ne5 17. Bc3 f6 18. g4 Ng6 19. Qe3 f5 20. gxf5 Rxf5 21.
Qd4 Rf7 22. Rdg1 Nf4 23. Bd1 Ne6 24. Qe3 Raf8 25. Rg3 Qh4 26. Rg4 Qh5 27. f4
Qh6 28. Kb1 g6 29. Rf1 Rxf4 30. Rgxf4 Rxf4 31. Bd2 g5 32. Rg1 Bxe4+ 33. Ka1 Qg6
34. Qh3 Qf6 35. Bxf4 Nxf4 36. Qc8+ Kf7 37. Qxc7+ Kg6 38. h4 h6 39. Rf1 Qd4 40.
h5+ Kf5 41. Qd7+ Kf6 42. Bg4 Qe5 43. Qd8+ Kf7 44. Qd7+ Qe7 45. Qc8 Kg7 46. Rd1
Nd3 47. Qd7 Qxd7 48. Bxd7 Kf6 49. Rf1+ Nf4 50. b4 Ke5 51. Be8 g4 52. Rg1 Bf3
53. Bd7 Ne2 54. Rxg4 Bxg4 55. Bxg4 Nf4 56. Kb2 Kd4 57. Kb3 Nd3 58. Be6 Ne5 59.
Bd5 b5 60. Be6 bxc4+ 61. Kc2 Nc6 62. Bf7 Ne5 63. Be8 Ng4 64. a4 Ne3+ 65. Kd2
c3+ 66. Kc1 Kc4 67. b5 Kc5 68. a5 Nc4 69. a6 Na3 70. Bd7 d5 71. Be8 d4 72. Bg6
Kxb5 73. Bd3+ Kb4 74. Be4 Kc4 75. Bg6 d3 76. Bf7+ Kd4 77. Bg6 Ke3 78. Bf5 Ke2
79. Bg4+ Ke1 80. Bd1 d2# 0-1

[Event "Otvoreno Prvenstvo Sente 2015"]
[Site "Senta"]
[Date "2015.02.14"]
[Round "6.13"]
[White "Grbin, Stefan"]
[Black "Boros, Tamas I"]
[Result "1-0"]
[WhiteElo "1711"]
[BlackElo "1423"]
[PlyCount "57"]
[EventDate "2015.01.30"]

1. d4 d5 2. c4 e6 3. Nc3 Nf6 4. Nf3 c5 5. Bg5 Be7 6. e3 Ne4 7. Bxe7 Qxe7 8. Bd3
Nxc3 9. bxc3 Nc6 10. O-O e5 11. cxd5 e4 12. Bxe4 Qxe4 13. dxc6 Qxc6 14. Ne5 Qd6
15. Qa4+ Kf8 16. Rfd1 f6 17. Nc4 Qc7 18. dxc5 h5 19. Rd4 h4 20. Rad1 Be6 21.
Rd6 Ke7 22. c6 Rad8 23. Qb4 Rxd6 24. Nxd6 Rd8 25. Nxb7+ Kf7 26. Nxd8+ Kg6 27.
Nxe6 Qxc6 28. Qg4+ Kf7 29. Nd8+ 1-0

[Event "Otvoreno Prvenstvo Sente 2015"]
[Site "Senta"]
[Date "2015.02.14"]
[Round "6.14"]
[White "Bacsa, Zoltan"]
[Black "Boros, Aron"]
[Result "1/2-1/2"]
[WhiteElo "1647"]
[BlackElo "1415"]
[PlyCount "65"]
[EventDate "2015.01.30"]

1. e4 c5 2. Nf3 Nc6 3. c3 e6 4. Be2 Nf6 5. d3 Be7 6. h3 d6 7. Qc2 O-O 8. Bg5 h6
9. Bh4 Re8 10. Nbd2 Bd7 11. Bg3 Qc7 12. Nb3 b6 13. d4 cxd4 14. cxd4 Rac8 15.
Rc1 Qb7 16. Qb1 Nb4 17. a3 Na6 18. O-O Nb8 19. Nbd2 Bc6 20. Bd3 Nbd7 21. Rfe1
Nh5 22. Bh2 d5 23. e5 g6 24. b4 Ba4 25. Nf1 Kg7 26. Ne3 Kg8 27. Ng4 Kh7 28. Ne3
Ng7 29. Rxc8 Rxc8 30. Rc1 Rxc1+ 31. Qxc1 Qc6 32. Qxc6 Bxc6 33. Nc2 1/2-1/2

[Event "Otvoreno Prvenstvo Sente 2015"]
[Site "Senta"]
[Date "2015.02.14"]
[Round "6.15"]
[White "Jankov, Danijel"]
[Black "Olajos, Gyozo"]
[Result "1-0"]
[WhiteElo "1352"]
[BlackElo "1647"]
[PlyCount "105"]
[EventDate "2015.01.30"]

1. e4 c5 2. Nf3 d6 3. c3 Bg4 4. Be2 Nf6 5. Qc2 g6 6. h3 Bd7 7. d4 b6 8. d5 h6
9. c4 e6 10. Nc3 Na6 11. a3 Nc7 12. O-O Bg7 13. Be3 O-O 14. Nd2 Qc8 15. f4 Nh7
16. Nf3 e5 17. Rad1 Ne8 18. Qd2 f6 19. fxe5 fxe5 20. Bxh6 Bxh3 21. gxh3 Qxh3
22. Bxg7 Qg3+ 23. Kh1 Nxg7 24. Qe1 Nh5 25. Nh2 Rxf1+ 26. Bxf1 Qf4 27. Rd3 Ng5
28. Qe3 Qh4 29. Be2 Rf8 30. Bxh5 Qxh5 31. Kg2 Rf4 32. Rd2 Rh4 33. Qg3 Rxh2+ 34.
Qxh2 Qf3+ 35. Kg1 Nh3+ 36. Qxh3 Qxh3 37. Rg2 Kg7 38. Kf2 Qh4+ 39. Kf3 Qf4+ 40.
Ke2 g5 41. Nb5 Qxe4+ 42. Kf2 Qf4+ 43. Kg1 e4 44. Nc7 Qe3+ 45. Kh2 Kf6 46. Ne6
Qf3 47. Nxg5 Qh5+ 48. Kg1 e3 49. Ne4+ Kf5 50. Ng3+ Kf4 51. Nxh5+ Kf3 52. Kf1
Ke4 53. Ke2 1-0

[Event "Otvoreno Prvenstvo Sente 2015"]
[Site "Senta"]
[Date "2015.02.15"]
[Round "7.1"]
[White "Farkas, Tibor"]
[Black "Simonyi, Zoltan"]
[Result "1-0"]
[WhiteElo "2244"]
[BlackElo "2243"]
[PlyCount "21"]
[EventDate "2015.01.30"]

1. e4 g6 2. d4 Bg7 3. Nc3 d6 4. g3 e5 5. dxe5 dxe5 6. Qxd8+ Kxd8 7. Bc4 f6 8.
f4 Nc6 9. Be3 Bg4 10. h3 Na5 11. Bxg8 1-0

[Event "Otvoreno Prvenstvo Sente 2015"]
[Site "Senta"]
[Date "2015.02.15"]
[Round "7.2"]
[White "Kecskemeti, Arpad"]
[Black "Nagy, Attila N"]
[Result "1/2-1/2"]
[WhiteElo "2036"]
[BlackElo "2202"]
[PlyCount "123"]
[EventDate "2015.01.30"]

1. e4 c5 2. Nf3 a6 3. d4 cxd4 4. Nxd4 e5 5. Nb3 Nf6 6. Bg5 Bb4+ 7. N1d2 h6 8.
Bxf6 Qxf6 9. c3 Be7 10. a4 Qg6 11. g3 d6 12. Bg2 Bg4 13. Qb1 Nc6 14. O-O O-O
15. Kh1 Qh5 16. Nc1 Nd8 17. Nc4 Ne6 18. f3 Bh3 19. Ne2 Rad8 20. Ne3 Nc7 21.
Bxh3 Qxh3 22. Nf5 Bg5 23. g4 Bf4 24. Rf2 Bxh2 25. Rxh2 Qxf3+ 26. Rg2 d5 27.
exd5 Nxd5 28. Ng1 Qf4 29. Nh3 Qf3 30. Ng1 Qf4 31. Qc1 g6 32. Nxh6+ Kg7 33. Qxf4
Nxf4 34. Rh2 Rh8 35. g5 Ne6 36. Nf3 e4 37. Ne5 Nxg5 38. Nhg4 Rxh2+ 39. Nxh2 Rd2
40. Nc4 Rc2 41. Rg1 Nh3 42. Re1 f5 43. a5 Kf6 44. Nf1 Nf2+ 45. Kg1 Nd3 46. Rb1
f4 47. Nfd2 e3 48. Nf3 e2 49. Ne1 Rc1 50. Rxc1 Nxc1 51. Nd6 Ke5 52. Nxb7 Kd5
53. Kf2 g5 54. Kf3 Kc4 55. Nd6+ Kb3 56. c4 Kb4 57. Ne4 Kxa5 58. Nc2 g4+ 59.
Kxf4 Nd3+ 60. Kxg4 e1=Q 61. Nxe1 Nxe1 62. Nc5 1/2-1/2

[Event "Otvoreno Prvenstvo Sente 2015"]
[Site "Senta"]
[Date "2015.02.15"]
[Round "7.3"]
[White "Soklovacki, Mila"]
[Black "Vranic, Ljubomir"]
[Result "1-0"]
[WhiteElo "1834"]
[BlackElo "2199"]
[PlyCount "97"]
[EventDate "2015.01.30"]

1. e4 c5 2. Nc3 Nc6 3. Nf3 g6 4. d4 cxd4 5. Nxd4 Bg7 6. Be3 Nf6 7. Be2 d6 8.
Qd2 Qa5 9. Nb3 Qc7 10. f3 Be6 11. Nb5 Qc8 12. N5d4 O-O 13. O-O a5 14. a4 Nxd4
15. Nxd4 Bc4 16. Bxc4 Qxc4 17. b3 Qc8 18. c4 Nd7 19. Rab1 Nc5 20. Nb5 f5 21.
exf5 Rxf5 22. Bd4 Bxd4+ 23. Qxd4 Ne6 24. Qd2 Qc5+ 25. Qf2 Rc8 26. Qxc5 Nxc5 27.
Rfe1 Kf7 28. Re3 Rf6 29. Rbe1 Re6 30. Rxe6 Nxe6 31. g3 Rc5 32. Rd1 Re5 33. Kf2
Nc5 34. Nd4 d5 35. cxd5 Rxd5 36. Ke2 e5 37. Nb5 Rxd1 38. Kxd1 Nxb3 39. Nd6+ Ke6
40. Nxb7 Kd5 41. Kc2 Nd4+ 42. Kd3 Nxf3 43. h4 Nd4 44. Nxa5 Nb3 45. Nxb3 e4+ 46.
Ke3 Kc4 47. Nd2+ Kb4 48. Nxe4 Kxa4 49. Nf6 1-0

[Event "Otvoreno Prvenstvo Sente 2015"]
[Site "Senta"]
[Date "2015.02.15"]
[Round "7.4"]
[White "Korponai, Akos"]
[Black "Igaz, Ervin"]
[Result "1/2-1/2"]
[WhiteElo "1952"]
[BlackElo "2013"]
[PlyCount "54"]
[EventDate "2015.01.30"]

1. d4 Nf6 2. Nf3 d5 3. g3 c6 4. Bg2 Bf5 5. O-O h6 6. c4 e6 7. Nc3 Be7 8. b3 O-O
9. Bb2 Re8 10. Nd2 Nbd7 11. e4 dxe4 12. Ndxe4 Nxe4 13. Nxe4 Nf6 14. Qe2 Nxe4
15. Bxe4 Bxe4 16. Qxe4 Bf6 17. Bc3 Qc7 18. Rad1 Rad8 19. Rd3 Rd7 20. Rfd1 Red8
21. Qe3 b6 22. R3d2 b5 23. Bb4 e5 24. dxe5 Rxd2 25. Rxd2 Rxd2 26. Bxd2 Bxe5 27.
Bc3 Bxc3 1/2-1/2

[Event "Otvoreno Prvenstvo Sente 2015"]
[Site "Senta"]
[Date "2015.02.15"]
[Round "7.5"]
[White "Solymosi, Andras"]
[Black "Nagy, Aleksz M"]
[Result "1-0"]
[WhiteElo "1957"]
[BlackElo "1681"]
[PlyCount "111"]
[EventDate "2015.01.30"]

1. c4 e6 2. Nf3 d5 3. d4 c6 4. g3 Nf6 5. Bg2 Be7 6. O-O Nbd7 7. b3 b6 8. Nc3
Bb7 9. Bb2 O-O 10. Rc1 c5 11. cxd5 exd5 12. e3 Rc8 13. Re1 Re8 14. Nh4 g6 15.
dxc5 Nxc5 16. Bh3 Rb8 17. Ng2 a6 18. Nf4 g5 19. Nfe2 Bc8 20. Bg2 Be6 21. Nd4
Rc8 22. b4 Nce4 23. Nxe4 dxe4 24. Nxe6 fxe6 25. Qb3 Qd5 26. Qa4 Qb7 27. b5 axb5
28. Qxb5 h6 29. Bd4 Qd5 30. Qb2 Nd7 31. Bh8 e5 32. Rcd1 Qe6 33. Bxe4 Kxh8 34.
Rxd7 Qxd7 35. Qxe5+ Bf6 36. Qxf6+ Qg7 37. Qf5 Rc5 38. Qg4 Qf6 39. Re2 Rc1+ 40.
Kg2 Rc4 41. Qf5 Qg7 42. Bd3 Rc5 43. Qg6 Qxg6 44. Bxg6 Ra8 45. Bf7 Kg7 46. Bb3
Rd8 47. e4 Kf6 48. f4 gxf4 49. gxf4 Rd4 50. e5+ Ke7 51. f5 Rc8 52. f6+ Kf8 53.
e6 Rf4 54. e7+ Ke8 55. f7+ Rxf7 56. Ba4+ 1-0

[Event "Otvoreno Prvenstvo Sente 2015"]
[Site "Senta"]
[Date "2015.02.15"]
[Round "7.6"]
[White "Sarnyai, Daniel"]
[Black "Brindza, Dezso"]
[Result "1-0"]
[WhiteElo "1998"]
[BlackElo "1712"]
[PlyCount "69"]
[EventDate "2015.01.30"]

1. c4 d6 2. Nc3 Nf6 3. e4 g6 4. g3 Bg7 5. Bg2 c6 6. Nge2 Bg4 7. h3 Bxe2 8. Qxe2
e6 9. O-O O-O 10. d3 Qc7 11. f4 Nbd7 12. Kh1 Kh8 13. g4 Ng8 14. g5 Ne7 15. h4
f5 16. h5 Kg8 17. h6 Bh8 18. Bh3 Kf7 19. Bd2 d5 20. Rae1 Qd6 21. cxd5 cxd5 22.
exd5 Nxd5 23. Nxd5 Qxd5+ 24. Bg2 Qxa2 25. d4 Rfe8 26. Qb5 Nb6 27. Rc1 Qa4 28.
Rc7+ Re7 29. Rxe7+ Kxe7 30. Qc5+ Kf7 31. Bxb7 Rd8 32. Bb4 Qe8 33. Bc6 Nd7 34.
Qxa7 Kg8 35. Ba5 1-0

[Event "Otvoreno Prvenstvo Sente 2015"]
[Site "Senta"]
[Date "2015.02.15"]
[Round "7.7"]
[White "Davidovic, Zoran"]
[Black "Toth, Kazmer"]
[Result "1-0"]
[WhiteElo "1891"]
[BlackElo "1974"]
[PlyCount "125"]
[EventDate "2015.01.30"]

1. d4 d5 2. Bg5 c5 3. Nf3 cxd4 4. Qxd4 Nc6 5. Qd1 Bg4 6. Nc3 d4 7. Ne4 f6 8.
Bd2 Bxf3 9. exf3 e5 10. a3 Be7 11. Bd3 f5 12. Ng3 g6 13. O-O Nf6 14. Bh6 Qd6
15. Bc4 Bf8 16. Bd2 O-O-O 17. b4 Qc7 18. Re1 Kb8 19. Bb3 h5 20. Bg5 Bg7 21. b5
Na5 22. Ba2 b6 23. Qd2 h4 24. Ne2 f4 25. h3 Rd6 26. Nxf4 exf4 27. Bxf4 Nh5 28.
Bxd6 Qxd6 29. Re6 Qc7 30. Rae1 Rc8 31. Re8 Bf6 32. Rxc8+ Qxc8 33. Bf7 Qf5 34.
Qb4 Nb7 35. Re8+ Kc7 36. Be6 Qc5 37. Rc8+ Kd6 38. Rxc5 bxc5 39. Qe1 Be5 40. Bc8
Nd8 41. Qa5 Bf6 42. Qxa7 c4 43. Qd7+ Kc5 44. a4 Kb4 45. b6 Kc3 46. Qb5 d3 47.
cxd3 cxd3 48. Qc5+ Kb2 49. Ba6 d2 50. Be2 Bc3 51. Qd6 Nb7 52. Qc7 Na5 53. b7
Nxb7 54. Qxb7+ Kc1 55. Qc7 Kb2 56. a5 g5 57. g3 hxg3 58. fxg3 Nf6 59. Qc5 Kc2
60. Qf5+ Kc1 61. Qxg5 Nd7 62. Qd5 Nb8 63. Qb7 1-0

[Event "Otvoreno Prvenstvo Sente 2015"]
[Site "Senta"]
[Date "2015.02.15"]
[Round "7.8"]
[White "Lorincz, Laszlo"]
[Black "Miljkovic, Vukasin"]
[Result "1-0"]
[WhiteElo "1808"]
[BlackElo "1715"]
[PlyCount "105"]
[EventDate "2015.01.30"]

1. d4 e6 2. Bf4 d5 3. Nf3 Nc6 4. e3 Bd6 5. Bg3 Bxg3 6. hxg3 a6 7. a3 Nf6 8. c4
b6 9. Nbd2 h6 10. Rc1 Bd7 11. cxd5 exd5 12. Bd3 Qe7 13. b4 b5 14. Qc2 Nd8 15.
Ne5 c6 16. Nb3 Qd6 17. O-O h5 18. Na5 Rc8 19. Bf5 Bxf5 20. Qxf5 Nd7 21. Rc3 g6
22. Qh3 Nb6 23. Rfc1 f5 24. Naxc6 Nc4 25. Nxd8 Rxd8 26. f4 O-O 27. Kf2 Kg7 28.
Qh4 Qf6 29. Qh1 Rh8 30. Qd1 h4 31. g4 fxg4 32. Qxg4 Qf5 33. Rh1 Qxg4 34. Nxg4
Rdf8 35. Ke2 Re8 36. Ne5 Kf6 37. Nxc4 dxc4 38. Kf3 Kf5 39. Re1 Re4 40. Rh1 Ree8
41. Rc2 g5 42. fxg5 Kxg5 43. e4 Rhf8+ 44. Ke3 Rf4 45. e5 Kf5 46. Rf2 Rxf2 47.
Kxf2 Ke4 48. Rxh4+ Kd5 49. Ke3 Rc8 50. Kd2 Rf8 51. Ke3 Rf1 52. Rh6 Re1+ 53. Kd2
1-0

[Event "Otvoreno Prvenstvo Sente 2015"]
[Site "Senta"]
[Date "2015.02.15"]
[Round "7.9"]
[White "Mrzic, Branko"]
[Black "Sakic, Simeon"]
[Result "1-0"]
[WhiteElo "1877"]
[BlackElo "1859"]
[PlyCount "173"]
[EventDate "2015.01.30"]

1. d4 Nf6 2. f4 b6 3. Nf3 Bb7 4. g3 e6 5. Bg2 c5 6. e3 Be7 7. O-O O-O 8. c3 d6
9. Nbd2 Nbd7 10. Re1 Ne4 11. Nxe4 Bxe4 12. Nd2 Bxg2 13. Kxg2 d5 14. Qf3 Rc8 15.
f5 Nf6 16. g4 exf5 17. Qxf5 Qd7 18. Qxd7 Nxd7 19. Nf3 Nf6 20. h3 Rfe8 21. Ne5
Ne4 22. Rf1 f6 23. Nd3 Rc6 24. Nf4 Rd8 25. a4 a5 26. Nh5 Bd6 27. Nf4 Bf8 28.
Ne2 c4 29. Nf4 Be7 30. Nh5 Bd6 31. Nf4 Bc7 32. Ne2 Re6 33. Rb1 b5 34. axb5 Rb6
35. Ra1 Rxb5 36. Nf4 Kf7 37. Ne2 g6 38. Nf4 Bd6 39. Ne2 Bf8 40. Nf4 Re8 41. h4
Kg7 42. Nh3 Be7 43. Nf4 Bd6 44. Ne2 Bc7 45. Kh3 Re6 46. Kg2 Re7 47. Rh1 Re8 48.
Kf3 Rf8 49. Nf4 Re8 50. Ne2 Rf8 51. Nf4 Re8 52. Ne2 Rf8 53. Rg1 f5 54. g5 Bh2
55. Rg2 Bc7 56. Nf4 Re8 57. Ra2 Bd6 58. Nh3 Bc7 59. Nf4 Re7 60. h5 Re8 61. h6+
Kf7 62. Nh3 Bd8 63. Ke2 Re6 64. Kd1 Reb6 65. Kc2 Rb7 66. Bd2 Nxd2 67. Rxd2 Re7
68. Re2 Re4 69. Ra1 Rh4 70. Rh1 Rg4 71. Ng1 Bxg5 72. Nf3 Bf6 73. Rh3 Re4 74.
Nd2 Re8 75. Nf3 f4 76. Nd2 g5 77. e4 g4 78. Rh5 Kg6 79. Rf5 Rxe4 80. Nxe4 Rxb2+
81. Kxb2 dxe4 82. Rxf4 e3 83. Rxg4+ Kf5 84. Rg3 Bg5 85. Rxg5+ Kxg5 86. Rxe3
Kxh6 87. Rg3 1-0